00245nam a2200085Ia 4500008004100000100001800041245005200059260003900111260000900150170620s9999 xx 000 0 und d aSharma- B. M. 0aGlobal Education Series- 9- Media And Education bNew Delhi- Commonwealth Publishers c2007